00631nam a22002177a 4500003000500000005001700005008004100022010001000063011001000073035001000083040000900093100002400102245008300126260006600209300001000275490003000285500001400315650002800329650002600357830003000383CHAP20220329141039.0971013s1983 r 00010 d a61803 a62775 a66950 cCHAP00aLenné, Jillian M. aMétodos para el manejo de enfermedades de pastos tropicales en Sur América a(s.l.) :bCentro Internacional de Agricultura Tropical,c1983 a14 p. aCIAT. Seminarios internos aFotocopia14aPastizalesxTrópicos.14aPastosxEnfermedades.0 aCIAT. Seminarios internos